000 00537nam a2200193Ia 4500
003 GCL
005 20240530110117.0
008 140319s9999 xx 000 0 ara d
040 _aGCL /
_cGCL
082 0 4 _a215.96216
_bق/ا ا
100 1 _aالازهر الشريف
245 1 0 _aالازهر فى 12 عام /
_cالازهر الشريف
260 _a[S.N] :
_bالازهر
300 _a252 ص ؛
_c23 سم
650 0 4 _aالاسلام
650 0 4 _aالديانات
650 0 4 _aالجامع الازهر
942 _2ddc
_cBK
999 _c58638
_d58638